000 00542nam a2200217Ia 4500
008 101110s9999 xx 000 0 und d
041 _aENGLISH
082 _bSR33701
100 _aVaz Michael
245 _aBusiness development Com-I FYBCom
260 _c2009
_bManan prakashan, Mumbai
300 _a362
365 _b110
520 _aCommerce
546 _aENGLISH
630 _aBusiness development Com-I FYBCom
650 _aCommerce
655 _aCommerce
730 _aBusiness development Com-I FYBCom
942 _cBOOK
999 _c826202
_d826199